000 00503nam a22001937a 4500
005 20260219045524.0
008 260219b |||||||| |||| 00| 0 eng d
020 _a9789349957688
040 _cILCL
041 _2eng
_aeng
084 _aX724:(Z2) R5
245 _aIncome Tax Act 2025
250 _a1
260 _aNew Delhi
_bCommercial Law Publishers
_c2025
300 _aclxxv,1008p.
700 _aAhuja, Girish (Ed.)
_91116186
700 _aAgrawal, Rahul (Ed.)
_91116187
942 _2CC
_cTB
999 _c1679953
_d1679953